| 000 | 01432cam a22004334i 4500 | ||
|---|---|---|---|
| 003 | PE-LiUPU | ||
| 005 | 20250731173300.0 | ||
| 008 | 150625s enk r 000 0 lat d | ||
| 035 | _a(Sirsi) a36058 | ||
| 040 |
_aPE-LiUPU _bspa _cPE-LiUPU _erda |
||
| 049 | _aPRUA | ||
| 082 | 0 | 4 |
_a225.47 _bB15 _221 |
| 130 |
_aBiblia. _pN.T. _lLatín. _f[194 ]. _sCurante Henrico I. White. |
||
| 245 | 1 | 0 |
_aNouum Testamentum Latine / _cCurante Hernico I. White. |
| 264 | 1 |
_aLondres : _b[194 ]. |
|
| 300 |
_a620 páginas ; _c15 centímetros |
||
| 336 |
_atext _2rdacontent |
||
| 337 |
_aunmediated _2rdamedia |
||
| 338 |
_avolume _2rdacarrier |
||
| 505 | 0 | _aBiblia en Latín. | |
| 526 | _aSEG42 | ||
| 526 | _aSEG41 | ||
| 526 | _aSEG40 | ||
| 526 | _aSEG39 | ||
| 526 | _aP94 | ||
| 526 | _aP87 | ||
| 526 | _aP86 | ||
| 526 | _aP85 | ||
| 526 | _aP77 | ||
| 526 | _aP76 | ||
| 526 | _aP35 | ||
| 630 |
_aBiblia. _pN.T. _lLatín. _f[194 ]. _sCurante Henrico I. White. |
||
| 910 |
_baj _cnm _d20050513 |
||
| 942 |
_2ddc _cBOOK |
||
| 949 |
_a225.47 B15 _wDEWEY _c1 _i55153 _lCCODEBUL1 _mBUL _p10 _r0 _sY _tBOOK _u2015-06-25 _xTEOLOGIA _zUNKNOWN _0COMPRA _o.STAFF. Colección General |
||
| 596 | _a1 | ||
| 999 |
_a225.47 B15 _wDEWEY _c44089 _i55153 _f2022-5-26 _g5 _lDISCARD _mBUL _p10.00 _r1 _sY _tBOOK _u2015-6-25 _xUNKNOWN _zUNKNOWN _0COMPRA _o.STAFF. Colección Teología _d44089 |
||
| 980 |
_81 _gALBERTO SANCHEZ Responsable de Automatización |
||